EU Vlaggen - Sudden Death - Statistieken

Algemene statistieken
  • Deze quiz is 22.756 keer genomen
  • De gemiddelde score is 3 van 27
Answers on the Grid
Answers color-coded by a green-red scale on the quiz's grid according to % correct below.
Trulli
Trulli
Trulli
Trulli
Trulli
Trulli
Trulli
Trulli
Trulli
Trulli
Trulli
Trulli
Trulli
Trulli
Trulli
Trulli
Trulli
Trulli
Trulli
Trulli
Trulli
Trulli
Trulli
Trulli
Trulli
Trulli
Trulli
Trulli
Trulli
Trulli
Trulli
Trulli
Trulli
Trulli
Trulli
Trulli
Trulli
Trulli
Trulli
Trulli
Trulli
Trulli
Trulli
Trulli
Trulli
Trulli
Trulli
Trulli
Trulli
Trulli
Trulli
Trulli
Trulli
Trulli
Trulli
Trulli
Trulli
Trulli
Trulli
Trulli
Trulli
Trulli
Trulli
Trulli
 
Antwoordstatistieken
Antwoord % Correct
Trulli
22%
Trulli
20%
Trulli
19%
Trulli
17%
Trulli
16%
Trulli
16%
Trulli
15%
Trulli
15%
Trulli
15%
Trulli
15%
Trulli
13%
Trulli
13%
Trulli
12%
Trulli
12%
Trulli
12%
Trulli
10%
Trulli
10%
Trulli
10%
Trulli
10%
Trulli
9%
Trulli
9%
Trulli
9%
Trulli
9%
Trulli
8%
Trulli
8%
Trulli
8%
Trulli
8%
Geen overeenkomende quizzen gevonden
Scoreverdeling
Procent van Mensen met Elke Score
Percentiel versus Aantal Correcte Antwoorden
Uw Scoregeschiedenis
U heeft deze quiz nog niet genomen